Statistics for Etymology of US states and territories

Click here to take the quiz!

General Stats

  • This quiz has been taken 122 times
  • The average score is 29 of 50

Answer Stats

Language of OriginMeaningState% Correct
Choctaw"Albaamu", a tribal name meaning "thicket-clearers"Alabama
87%
Spanish"Flowery" after its discovery during the Easter seasonFlorida
86%
FrenchAfter King Louis XIV of FranceLouisiana
85%
EnglishAfter a US presidentWashington
85%
Latin"Land of the Indians"Indiana
82%
Spanish"Mountain"Montana
81%
Welsh and Latin"Penn's Woods"Pennsylvania
80%
Hawaiian"Place of the Gods"Hawaii
79%
Dutch or Greek"Red Island" or after the name of a Greek island near to TurkeyRhode Island
79%
EnglishAfter Queen Henrietta MariaMaryland
78%
Spanish"Snow-covered" after the name of a mountain range in this stateNevada
76%
EnglishAfter Elizabeth I of England, who was known for never taking a husbandVirginia/West Virginia
76%
Latin via EnglishAfter King George II of Great BritainGeorgia
73%
EnglishAfter an English county, which derived its name from its largest city, SouthamptonNew Hampshire
73%
Aelut via Russian"Mainland"Alaska
72%
FrenchAfter the largest of the British channel islands, the birthplace of its founderNew Jersey
72%
French"Green mountain"Vermont
72%
Spanish"Rich port"Puerto Rico
69%
Kansa via FrenchAfter a river named for the Kaw tribeKansas
68%
Spanish"Ruddy " or "red"Colorado
67%
Miami via FrenchFrom the French spelling "Mescousin" of a tribal name meaning "river running through a red place"Wisconsin
66%
CherokeeAfter Tanasi, a local viliageTennessee
65%
English"Mainland"Maine
64%
Nahuatl via SpanishA name imported from a Spanish territory, after the Aztec people who founded TenochtitlanNew Mexico
63%
Latin via EnglishAfter King Charles I of EnglandNorth/South Carolina
62%
Ojibwe via French"Large lake"Michigan
61%
Ojibwe via French"Great river"Mississippi
60%
EnglishAfter the duke of an English walled cityNew York
60%
Dakota via FrenchAfter French "Aiouez", a demonym for a native tribeIowa
55%
Disputed native languageNot known exactly, however the first use refers to apparently a native word for the Columbia RiverOregon
54%
SpanishProbably a fictional island from a popular novel at the timeCalifornia
53%
Dakota"Cloudy water"Minnesota
50%
Sioux"ally" or "friend"North/South Dakota
47%
Caddo via Spanish"Friends"Texas
44%
French via EnglishAfter a French lord, whose name means "of the war"Delaware
42%
Choctaw"Red People"Oklahoma
42%
Kansa via IllinoisAfter an Illinois rendering of a tribal name referring to the QuapawArkansas
40%
New LatinAfter Christopher ColumbusDistrict of Columbia
39%
Western Apache via SpanishFrom a Spanish demonym for the local tribe, which means "high" in their own languageUtah
39%
Eastern Algonquian"At the long tidal river"Connecticut
38%
Spanish or Basque"Having a little spring" or "The good oak"Arizona
37%
Seneca via French"Large creek"Ohio
33%
Munsee DelawareAfter a Pennsylvanian valley, "At the big river flat"Wyoming
32%
IroquoianAfter a major river, "on the meadow"Kentucky
31%
Plains Apache"Enemy", probably used to refer to the ComanchesIdaho
28%
Illinois"Dugout Canoe"Missouri
28%
Algonquiana plural demonym meaning "at the great hill"Massachusetts
26%
Algonquian via French"Speaks normally"Illinois
24%
Chiwere"Flattened water"Nebraska
24%
ChamorroFrom "Guahan", meaning "What we have"Guam
23%

Score Distribution

Percentile by Number Answered

Percent of People with Each Score

Your Score History

You have not taken this quiz